000 00563nim a2200205 i 4500
001 bgj
100 1 _aHARMER, Jeremy
245 1 0 _aThe Listening File /
_cJeremy Harmer and Steve Elsworth.
260 _aSingapore :
_bLongman,
_c1989.
300 _a1 audio cassette.
650 9 _aEnglish language
_xListening
655 _aTextbooks for foreigners
700 1 _aELSWORTH, Steve.
_eco-author
020 _a0582795370 (pbk)
040 _cBPK
041 0 _aeng
920 _a0-582-79537-0 (pbk)
942 _cTM
008 s uk f |000 0 eng
999 _c50089
_d50089
856 _uhttp://koha.tu.koszalin.pl/cgi-bin/koha/opac-detail.pl?biblionumber=50089
_yKatalog online BPK